000 00295nam a22001337a 4500
008 180116b xxu||||| |||| 00| 0 eng d
020 _a9780134378800
041 _aeng
080 _23rd
_a316
100 _a50
101 _aSOC
245 _aSociety the basics
_cMacionis,J.J
942 _2udc
_cBK
999 _c40383
_d40383